|
|
|
|
| LEADER |
03061nam a22005294a 4500 |
| 001 |
EBC178869 |
| 003 |
MiAaPQ |
| 005 |
20200520144314.0 |
| 006 |
m o d | |
| 007 |
cr cn||||||||| |
| 008 |
030113s2003 enka sb 001 0 eng |
| 010 |
|
|
|z 2003000513
|
| 020 |
|
|
|z 0415273315 (Hardcover : alk. paper)
|
| 020 |
|
|
|z 0415273323 (pbk. : alk. paper)
|
| 035 |
|
|
|a (MiAaPQ)EBC178869
|
| 035 |
|
|
|a (Au-PeEL)EBL178869
|
| 035 |
|
|
|a (CaPaEBR)ebr10100481
|
| 035 |
|
|
|a (CaONFJC)MIL4929
|
| 035 |
|
|
|a (OCoLC)475882753
|
| 040 |
|
|
|a MiAaPQ
|c MiAaPQ
|d MiAaPQ
|
| 043 |
|
|
|a a------
|
| 050 |
|
4 |
|a HD7287
|b .H598 2003
|
| 082 |
0 |
4 |
|a 363.5
|2 21
|
| 084 |
|
|
|a 71.83
|2 bcl
|
| 245 |
0 |
0 |
|a Housing and social change
|h [electronic resource] :
|b East-West perspectives /
|c edited by Ray Forrest and James Lee.
|
| 260 |
|
|
|a London ;
|a New York :
|b Routledge,
|c 2003.
|
| 300 |
|
|
|a xi, 277 p. :
|b ill.
|
| 490 |
1 |
|
|a Housing and society series
|
| 504 |
|
|
|a Includes bibliographical references and index.
|
| 505 |
0 |
0 |
|t Some reflections on the housing question /
|r Ray Forrest --
|t Home-ownership in East and South East Asia : market, state and institutions /
|r James Lee, Ray Forrest and Wai Keung Tam --
|t Restructuring social housing systems /
|r Christine M. E. Whitehead --
|t Housing provision and management of aspirations /
|r Chua Beng Huat.
|
| 505 |
0 |
0 |
|t Housing and regulation theory : domestic demand and global financialization /
|r Alan Smart and James Lee --
|t Housing diversity in the global city /
|r Sophie Watson --
|t Making of home in a global world : Aotearoa/New Zealand as an exemplar /
|r Harvey Perkins and David Thorns --
|t Home-ownership in an unstable world : the case of Japan /
|r Yosuke Hirayama --
|t Home-ownership and changing housing and mortgage markets : the new economic realities /
|r Peter Williams --
|t From welfare benefit to capitalized asset : the re-commodification of residential space in urban China /
|r Deborah S. Davis --
|t Banking the unbanked : connecting residents of social housing to the financial mainstream /
|r Michael A. Stegman --
|t Social sustainability, sustainable development and housing development : the experience of Hong Kong /
|r Rebecca L. H. Chiu --
|t Urban reform and low-income communities in Chinese cities /
|r Ya Ping Wang --
|t Concluding observations /
|r Ray Forrest and James Lee.
|
| 533 |
|
|
|a Electronic reproduction. Ann Arbor, MI : ProQuest, 2015. Available via World Wide Web. Access may be limited to ProQuest affiliated libraries.
|
| 650 |
|
0 |
|a Housing.
|
| 650 |
|
0 |
|a Housing policy.
|
| 650 |
|
0 |
|a Home ownership.
|
| 650 |
|
0 |
|a Urbanization.
|
| 650 |
|
0 |
|a Housing
|z Asia.
|
| 650 |
|
0 |
|a Housing policy
|z Asia.
|
| 650 |
|
0 |
|a Home ownership
|z Asia.
|
| 650 |
|
0 |
|a Urbanization
|z Asia.
|
| 651 |
|
0 |
|a Asia
|x Social conditions
|y 21st century.
|
| 655 |
|
4 |
|a Electronic books.
|
| 700 |
1 |
|
|a Forrest, Ray.
|
| 700 |
1 |
|
|a Lee, James,
|d 1950-
|
| 710 |
2 |
|
|a ProQuest (Firm)
|
| 830 |
|
0 |
|a Housing and society series.
|
| 856 |
4 |
0 |
|u https://ebookcentral.proquest.com/lib/matrademy/detail.action?docID=178869
|z Click to View
|